Central Library OPAC University of Rajshahi

দীনবন্ধু রচনাবলী : (Record no. 81696)

MARC details
000 -LEADER
fixed length control field 01110nam a2200253 a 4500
001 - CONTROL NUMBER
control field 81696
003 - CONTROL NUMBER IDENTIFIER
rucl marc code BD-RjUL
005 - DATE AND TIME OF LATEST TRANSACTION
control field 20260413100322.0
008 - FIXED-LENGTH DATA ELEMENTS--GENERAL INFORMATION
fixed length control field 230816r20241967ii ||||| |||| 00| 0 ben d
020 ## - INTERNATIONAL STANDARD BOOK NUMBER
International Standard Book Number 9788185626219
035 ## - SYSTEM CONTROL NUMBER
System control number (BD-RjUL)81696
040 ## - CATALOGING SOURCE
Original cataloging agency BD-RjUL
Language of cataloging ben
Transcribing agency BD-RjUL
041 ## - LANGUAGE CODE
Language code of text/sound track or separate title ben
082 ## - DEWEY DECIMAL CLASSIFICATION NUMBER
Edition number 23
Classification number 891.4408
Author mark and year MID 2024
100 ## - MAIN ENTRY--PERSONAL NAME
Personal name মিত্র, দীনবন্ধু
9 (RLIN) 148087
245 10 - TITLE STATEMENT
Title দীনবন্ধু রচনাবলী :
Remainder of title সমগ্র রচনা একখণ্ডে /
Statement of responsibility, etc. দীনবন্ধু মিত্র ; ক্ষেত্র গুপ্ত কর্তৃক সম্পাদিত
260 ## - PUBLICATION, DISTRIBUTION, ETC. (IMPRINT)
Place of publication, distribution, etc. কলিকাতা :
Name of publisher, distributor, etc. শিশু সাহিত্য সংসদ,
Date of publication, distribution, etc. ১৯৬৭ [মুদ্রণ ২০১৯,২০২৪]
300 ## - PHYSICAL DESCRIPTION
Pagination খণ্ড ;
Size ১৯ সেমি.
505 0# - FORMATTED CONTENTS NOTE
Formatted contents note খণ্ড ১--
650 ## - SUBJECT ADDED ENTRY--TOPICAL TERM
Topical term or geographic name as entry element বাংলা সাহিত্য
General subdivision সংগ্রহ
9 (RLIN) 122902
Topical term or geographic name as entry element Bengali Literature
General subdivision Collection
9 (RLIN) 122903
700 ## - ADDED ENTRY--PERSONAL NAME
Personal name গুপ্ত, ক্ষেত্র
942 ## - ADDED ENTRY ELEMENTS (KOHA)
Source of classification or shelving scheme Dewey Decimal Classification
Koha item type Books
Holdings
Lost status Source of classification or shelving scheme Damaged status Not for loan Collection code Permanent Location Current Location Shelving location Date acquired Source of acquisition Cost, normal purchase price Total Checkouts Full call number Date last seen Copy number Koha item type Date checked out
  Dewey Decimal Classification   Not For Loan Non-fiction Central Library, University of Rajshahi Central Library, University of Rajshahi Reading Room 15/06/2023 Dhaka : Page mark 800.00   B 891.4408 MID V-1 2019 16/08/2023 C-1 Books  
  Dewey Decimal Classification     Non-fiction Central Library, University of Rajshahi Central Library, University of Rajshahi General Stacks 15/06/2023 Dhaka : Page mark 800.00 2 B 891.4408 MID V-1 2019 25/09/2025 C-2 Books 14/09/2025
  Dewey Decimal Classification     Non-fiction Central Library, University of Rajshahi Central Library, University of Rajshahi General Stacks 08/04/2026 Omni Concept, Dhaka 599.00   B 891.4408 MID V-1 2024 13/04/2026 C-3 Books  
  Dewey Decimal Classification     Non-fiction Central Library, University of Rajshahi Central Library, University of Rajshahi General Stacks 08/04/2026 Omni Concept, Dhaka 599.00   B 891.4408 MID V-1 2024 13/04/2026 C-4 Books  
  Dewey Decimal Classification     Non-fiction Central Library, University of Rajshahi Central Library, University of Rajshahi General Stacks 08/04/2026 Omni Concept, Dhaka 599.00   B 891.4408 MID V-1 2024 13/04/2026 C-5 Books  
  Dewey Decimal Classification     Non-fiction Central Library, University of Rajshahi Central Library, University of Rajshahi General Stacks 08/04/2026 Omni Concept, Dhaka 599.00   B 891.4408 MID V-1 2024 13/04/2026 C-6 Books  
  Dewey Decimal Classification     Non-fiction Central Library, University of Rajshahi Central Library, University of Rajshahi General Stacks 08/04/2026 Omni Concept, Dhaka 599.00   B 891.4408 MID V-1 2024 13/04/2026 C-7 Books